Γεωργική εντομολογία

Αποθηκεύτηκε σε:
Λεπτομέρειες βιβλιογραφικής εγγραφής
Κύριος συγγραφέας: Van Emden, H. F. (Helmut Fritz)
Άλλοι συγγραφείς: Εμμανουήλ, Νικόλαος Γ. (Επιμελητής έκδοσης, Μεταφραστής)
Μορφή: Βιβλίο
Γλώσσα:Greek
Δημοσίευση: Αθήνα : Παρισιάνου, 2014.
Θέματα:
Ετικέτες: Προσθήκη ετικέτας
Δεν υπάρχουν, Καταχωρήστε ετικέτα πρώτοι!

MARC

LEADER 00000cam a2200000 a 4500
001 1/123024
008 210524s2014####gr a|||||| |||| ||gre||
020 |a 9789603949770 
040 |a GR-MyUa  |b gre  |c GR-MyUa  |e AACR2 
041 1 |a gre 
082 7 |a 595.7  |2 (23) 
100 1 |a Van Emden, H. F.   |q (Helmut Fritz) 
245 1 0 |a Γεωργική εντομολογία /   |c H.F. van Emden ; μετάφραση-επιμέλεια ελληνικής έκδοσης: Εμμανουήλ Γ. Νικόλαος.  
260 |a Αθήνα :   |b Παρισιάνου,   |c 2014.  
300 |a 322 σ. :   |b εικ. ;   |c 25 εκ.  
500 |a Τίτλος πρωτοτύπου: Handbook of agricultural entomology.  
650 0 |a Insect pests  |x Identification. 
650 0 |a Agricultural pests 
700 1 |a Εμμανουήλ, Νικόλαος Γ.  |e edt  |e trl 
852 |a INST  |b LESVOS  |c EUDOXUS  |e 20210524  |h 595.7 VAN  |p 005100063309  |q 005100063309  |t EDX  |y 0 
920 |a Εύδοξος  |b Παραγγελία  |y Λέσβος-ΤΠ  |z 2021-05 
970 |a Δημάκη  |b Μαρία  |z 24-05-2021